Hiya fī maʻbad al-fann.

محفوظ في:

المؤلف الرئيسي: Ḥakīm, Tawfīq.

التنسيق: كتاب

اللغة: Arabic

منشور في: Bayrūt : Dār al-Kitāb al-Lubnānī, 1975.

الطبعة: al-Tạbʻah 1.

سلاسل: Maktabat Tawfīq al-Hạkīm al-shaʻbīyah ; 30.

الموضوعات:

الوسوم: إضافة وسم

لا توجد وسوم, كن أول من يضع وسما على هذه التسجيلة!

رقم الطلب: PJ7828 .K52 1975

LEADER 00892nam a2200277 a 4500
003 OSt
005 20231129140152.0
008 021204s1975 le 000|d ara d
999 |c 55035  |d 55035 
010 |a 76961017 
040 |c ARCE Library 
050 4 |a PJ7828 .K52 1975 
100 1 |6 880-01  |a Ḥakīm, Tawfīq. 
245 1 0 |6 880-02  |a Hiya fī maʻbad al-fann. 
246 1 4 |6 880-03  |a Hiya wa-al-rāhib. 
250 |6 880-04  |a al-Tạbʻah 1. 
260 |6 880-05  |a Bayrūt :  |b Dār al-Kitāb al-Lubnānī,  |c 1975. 
300 |a 89 p. ;  |c 20 cm. 
490 0 |6 880-06  |a Maktabat Tawfīq al-Hạkīm al-shaʻbīyah ;  |v 30. 
500 |a Cover title: Hiya wa-al-rāhib. 
650 0 |a Arabic drama. 
700 1 |6 880-07  |a Ḥakīm, Tawfīq.  |t Hiya wa-al-rāhib. 
880 1 |6 100-01/(3/r  |a حكيم، توفيق 
880 1 0 |6 245-02/(3/r  |a هي في معبد الفن 
901 |a reviewed 
942 |2 lcc  |c BK